[Event "Rheinland Pfalz op 4th"]
[Site "Altenkirchen"]
[Date "2012.06.08"]
[Round "4"]
[White "Fels, Georg"]
[Black "Pahl, Stefan"]
[Result "0-1"]
[WhiteElo "1084"]
[BlackElo "1369"]
[PlyCount "106"]
[EventDate "2012.06.07"]
[EventType "swiss"]
[EventRounds "7"]
[EventCountry "GER"]
[SourceTitle "CBM 148 Extra"]
[Source "ChessBase"]
[SourceDate "2012.06.22"]
[SourceVersion "1"]
[SourceVersionDate "2012.06.22"]
[SourceQuality "1"]

1. d4 Nf6 2. Nc3 d5 3. Nf3 e6 4. Bg5 c5 5. dxc5 Bxc5 6. e3 Nbd7 7. Bb5 0-0 8. 0-0 Qb6 9. Qd3 a6 10. Bxd7 Nxd7 11. b3 Bd6 12. e4 Ne5 13. Nxe5 Bxe5 14. exd5 Qc7 15. Bd2 Bxh2+ 16. Kh1 Be5 17. Rae1 Rd8 18. Re4 Bxc3 19. Bxc3 Rxd5 20. Qg3 Qxg3 21. fxg3 b5 22. g4 Bb7 23. Ref4 Rd7 24. Kh2 Rc8 25. Rd4 Rxd4 26. Bxd4 Rxc2 27. Rf2 Rxf2 28. Bxf2 e5 29. Kg3 f6 30. Be3 Kf7 31. Bc5 g6 32. a4 bxa4 33. bxa4 Ke6 34. a5 Kd5 35. Be7 f5 36. g5 f4+ 37. Kf2 e4 38. g4 e3+ 39. Ke2 Ke4 40. Bc5 f3+ 41. Kf1 Bc6 42. Bb4 Bb5+ 43. Ke1 f2+ 44. Kd1 f1Q+ 45. Be1 Qe2+ 46. Kc1 Qxe1+ 47. Kc2 Ba4+ 48. Kb2 Qxa5 49. Ka3 e2 50. Ka2 e1Q 51. Kb2 Qed2+ 52. Ka1 Be8+ 53. Kb1 Qaa2# 0-1